00175nam a22000857a 4500008004100000041000800041082001100049245002000060260000900080210707s2005 xx 000 0 und d aeng a052 CS aCurrent Science c2005